000 01517cam a2200349 a 4500
001 EDZ0000083404
003 StDuBDS
005 20161031105115.0
006 m||||||||d||||||||
007 cr |||||||||||
008 120427s2003 cau fo| 001|0|eng|d
020 _a9781452229713 (ebook) :
_cNo price
040 _aStDuBDS
_beng
_cStDuBDS
_epn
049 _aAlfaisal Main Library
050 0 _aBF311
_b.R6542 2003
082 0 4 _a306.42
_223
100 1 _aRoss, Norbert
_q(Norbert O.)
245 1 0 _aCulture and cognition
_h[electronic resource] :
_bimplications for theory and method /
_cNorbert Ross.
260 _aThousand Oaks, Calif. ;
_aLondon :
_bSAGE,
_c2003.
300 _a1 online resource (ix, 203 p.)
504 _aIncludes bibliographical references and index.
520 8 _aNorbert Ross presents an overview of approaches to the discussion of culture & cognition, discussing methodological problems as well as theoretical implications of these approaches. Also, he studies methods & statistical tools that have recently been developed to address theoretical problems.
521 _aSpecialized.
588 _aDescription based on print version record.
504 _aIncludes bibliographical references and index.
650 0 _aCognition and culture.
655 7 _aElectronic books.
_2local
710 2 _aSage eBooks
776 0 8 _iPrint version :
_z9780761929079
856 4 0 _uhttp://ezproxy.alfaisal.edu/login?url=http://sk.sagepub.com/books/culture-and-cognition
942 _2lcc
_cEBOOKS
999 _c479436
_d479436